000 00370nam a2200145Ia 4500
008 150301s2013 xx 000 0 und d
082 _a611.018
_bJ13M
100 _aMECSCHER, ANTHONY L.
245 _aJUNQUEIRA'S BASIC HISTOLOGY TEXT & ATLAS
250 _a13TH
260 _bMC GRAW HILL
_aNEW YORK
_c2013
300 _a544
650 _aHUMAN ANATOMY
942 _2ddc
_cBK
999 _c6688
_d6688